000 00425cam a22001333u 4500
082 _a954.03
_bCUL
100 1 _aHunter, William Wilson.
_949482
245 1 0 _aRulers of India :
_bThe Earl of Mayo /
_cWilliam Wilson Hunter.
500 _aTitle from content provider.
526 _a0
_b0
_c0
_d954_030000000000000_CUL
650 _aMCE
_9379
856 4 0 _uhttp://www.columbia.edu/cgi-bin/cul/resolve?clio8995922
942 _2ddc
_cBK
999 _c553193
_d553193